000 00372nam a2200157Ia 4500
003 OSt
005 20240120102256.0
008 170524s9999 xx 000 0 und d
020 _a 9780071254373,
040 _ciimtu
100 _aSimmons George F
245 0 _aDifferntial Equations :Theory and practics
260 _bTMH New Delhi
260 _c2008
942 _2ddc
_c02
999 _c5507
_d5507